000 01072nas a2200373 4500
001 BR0403666
003 BR-BrBNA
005 20231205104729.0
007 ta
008 230509b bl.|||p| |||| 00| 00por d
040 _aBR-BrBNA
_bpor
_cBiblioteca Nacional de Agricultura
041 _a(En)
072 _aL73
100 1 _aSpilki, F.R.
100 1 _aEsteves, P.A.
100 1 _aLima, M. de
100 1 _aFranco, A.C.
100 1 _aChiminazzo, C.
100 1 _aFlores, E.F.
100 1 _aWeiblen, R.
100 1 _aDriemeier, D.
100 1 _aRoehe, P.M.
245 1 _aComparative pathogenicity of bovine herpesvirus 1 (BHV-1)subtypes 1 (BHV-1.1)and 2a (BHV-1.2a)
650 _aBOVINO
650 _aHERPESVÍRUS
650 _aPATOGENICIDADE
650 _aRINOTRAQUEÍTE
650 _aDOENÇA RESPIRATÓRIA
650 _aSINTOMA
650 _aANTICORPO
773 0 _tPesquisa Veterinária Brasileira (Brazil)
_xISSN 0100-736X
_g(Jan-Mar 2004), v. 24(1) p. 43-49
_wBR0403666
909 _a202311
_bLúcia
_c55
_dLúcia Elande
942 _2AGRIS
_n0
_cANA
999 _c179454
_d179454